LEADER 01342nam a22002537a 4500
001 42262
003 BD-DhAAL
008 240227t2009 bg ||||| |||| 00| 0 ben d
040 |a BD-DhAAL  |c BD-DhAAL 
041 |a ben 
082 |a 361.3095492  |2 23 
245 |a তুমি রবে নীরবে /  |c সম্পাদক, মুস্তাফা নূরউল ইসলাম ; কাজী মদিনা ; মীর আশফাকুজ্জামান. 
264 |a ঢাকা :  |b শামসুন নাহার রহমান রোজ স্মারকগ্রন্থ,  |c ২০০৯. 
300 |a ২২৪ পৃষ্ঠা ;  |c ২২ সে.মি. 
541 |a Donated by Rebecca Dipa Khan  |e 42262 
600 |a রহমান, শামসুন নাহার,  |d ১৯২৯-২০০৮.  |9 56068 
650 |a Social workers  |z Bangladesh. 
700 |a ইসলাম, মুস্তাফা নূরউল. 
700 |a মদিনা, কাজী.  |9 56069 
700 |a আশফাকুজ্জামান, মীর.  |9 56070 
852 |a Ayesha Abed Library  |c General Stacks 
942 |2 ddc  |c BK 
999 |c 46425  |d 46425 
952 |0 0  |1 0  |2 ddc  |4 0  |6 361_309549200000000_TUM  |7 0  |9 75187  |a BRACUL  |b BRACUL  |c GEN  |d 2024-02-27  |e Donated By Rebecca Dipa Khan  |l 0  |o 361.3095492 TUM  |p 3010042262  |r 2024-02-27  |t 1  |w 2024-02-27  |y BK